| 000 | 01505cam a22003737a 4500 | ||
|---|---|---|---|
| 003 | CHAP | ||
| 005 | 20220329142657.0 | ||
| 008 | 020924d2002 mx r 00110 spa d | ||
| 010 | _a86376 | ||
| 011 | _a87348 | ||
| 035 | _a97891 | ||
| 040 | _cCHAP | ||
| 090 | _aTesis | ||
| 100 | 0 | 0 |
_aRamírez de la Rosa, Emmanuel. _993957 |
| 245 | 1 | 0 |
_aBusqueda de la eficiencia y la eficacia por el uso de manuales administrativos Ihistórico y de organización) en empresas sin fines de lucro : _bcaso Greenpeace _c/por Emmanuel Ramírez de la Rosa y Ricardo Rodríguez Pérez |
| 260 |
_aChapingo, Méx. : _bEl autor, _c2002. |
||
| 300 |
_a162 h. ; _bgráfs. |
||
| 502 | _aTesis (Lic. en Administración de Empresas Agropecuarias) -- UACH. División de Ciencias Económico Administrativas | ||
| 590 |
_aALEPH _b10 _c20130110 _lUCH01 _h1449 |
||
| 590 |
_aBATCH-UPD _b10 _c20130110 _lUCH01 _h0403 |
||
| 590 |
_aBATCH-UPD _b10 _c20130110 _lUCH01 _h1936 |
||
| 590 |
_aBATCH-UPD _b10 _c20130410 _lUCH01 _h0037 |
||
| 590 |
_aBATCH-UPD _b10 _c20130913 _lUCH01 _h1948 |
||
| 590 |
_aCONVERSION _b10 _c20130109 _lUCH01 _h1348 |
||
| 650 | 1 | 4 |
_aAdministración de empresas. _9922 |
| 650 | 1 | 4 |
_aManuales de organización. _970673 |
| 650 | 1 | 4 |
_aManuales de procedimientos. _970675 |
| 700 | 0 | 0 |
_aRodríguez Pérez, Ricardo. _998797 |
| 901 | _aBK | ||
| 905 | _aMayto Villalobos S. | ||
| 942 | _cFOLL | ||
| 949 |
_aTesis _bBC _cTES _d33724000877478 _eTS2 _fc.2 _h39763 _i97891 _si |
||
| 949 |
_aTesis _bBC _cTES _d97891123 _eTS1 _h39762 _i97891 _sb |
||
| 999 |
_c86376 _d86376 |
||